000 00588nam a22001937a 4500
003 OSt
005 20250625023659.0
008 250625b |||||||| |||| 00| 0 eng d
020 _a 978-981-0638-58-0
040 _aDWCL - Main lib
_cOC
082 _aCirc. 330 C337p 2014
100 _aCase, Karl E.
245 _aPrinciples of economics/
_cKarl E. Case
260 _aSingapore :
_bPearso education south asia,
_cc2014.
300 _a815 pages :
_b illustrations ;
_c 27cm.
504 _aIncludes glossary and bibliography
650 _a1. Economics
942 _2ddc
_cBK-CIRC
_kCirc.
_n0
999 _c3264
_d3264